Hướng dẫn ôn tập toán sơ cấp Sách dùng cho học sinh chuẩn bị thi vào các trường Đại học và Cao đẳng

Uloženo v:
Podrobná bibliografie
Hlavní autor: Phan Đức Chính
Médium: Kniha
Jazyk:Undetermined
Vydáno: Hà Nội ĐH và THCN 1983
Témata:
Tagy: Přidat tag
Žádné tagy, Buďte první, kdo otaguje tento záznam!
Thư viện lưu trữ: Trung tâm Học liệu Trường Đại học Cần Thơ
LEADER 00607nam a2200181Ia 4500
001 CTU_1062
008 210402s9999 xx 000 0 und d
082 |a 510 
082 |b Ch312h 
100 |a Phan Đức Chính 
245 0 |a Hướng dẫn ôn tập toán sơ cấp 
245 0 |b Sách dùng cho học sinh chuẩn bị thi vào các trường Đại học và Cao đẳng 
245 0 |c Phan Đức Chính 
260 |a Hà Nội 
260 |b ĐH và THCN 
260 |c 1983 
650 |a mathematics, plane 
980 |a Trung tâm Học liệu Trường Đại học Cần Thơ